| 000 | 00545nam a2200145Ia 4500 | ||
|---|---|---|---|
| 008 | 140724s9999 xx 000 0 und d | ||
| 050 |
_aQA 76.9.S88 _b.T237 2011 |
||
| 100 | _aTaylo, Mario Enrico D. | ||
| 245 |
_aScience laboratory computerized inventory system of Southville International School and Colleges / _cMario Enrico D. Taylo. |
||
| 260 |
_aLas PiƱas, Philippines : _bSouthville International School and Colleges, _cc2011. |
||
| 300 |
_a34 p. : _bill. ; _c28 cm. |
||
| 521 | _aInformation Technology | ||
| 942 | _cTH | ||
| 999 |
_c228719 _d228719 |
||